000 00330nam a2200145Ia 4500
005 20251222144728.0
008 251222s9999||||xx |||||||||||||| ||spa||
020 _a84-7050-841-5
082 _a234.7/R27/2005
100 _aRatzinger, Joseph
245 0 _aMirar a Cristo:
250 _a2a.ed.
264 _bEdicep
942 _cLIB
999 _c18492
_d18492